|
|
|
|
| LEADER |
00000nam0a2200000 4500 |
| 001 |
333427 |
| 005 |
20231102004544.0 |
| 035 |
|
|
|a (RuTPU)RU\TPU\book\359422
|
| 090 |
|
|
|a 333427
|
| 100 |
|
|
|a 20170615d1964 km y0rusy50 ca
|
| 101 |
0 |
|
|a rus
|
| 102 |
|
|
|a RU
|
| 105 |
|
|
|a a z 001zy
|
| 200 |
1 |
|
|a Вихревые воронки и их применение на электростанциях
|f В. С. Фокеев
|
| 210 |
|
|
|a Москва
|a Ленинград
|c Энергия
|d 1964
|
| 215 |
|
|
|a 184 с.
|c ил.
|
| 320 |
|
|
|a Библиогр.: с. 181-184
|
| 606 |
1 |
|
|a Гидроэлектрические станции
|x Эксплуатация зимняя
|2 stltpush
|3 (RuTPU)RU\TPU\subj\7151
|9 34870
|
| 610 |
1 |
|
|a вихревые движения
|
| 610 |
1 |
|
|a вихревые воронки
|
| 610 |
1 |
|
|a кинематика
|
| 610 |
1 |
|
|a потоки
|
| 610 |
1 |
|
|a гидродинамическое давление
|
| 610 |
1 |
|
|a гидравлические исследования
|
| 610 |
1 |
|
|a ГЭС
|
| 610 |
1 |
|
|a натурные исследования
|
| 610 |
1 |
|
|a шуга
|
| 610 |
1 |
|
|a лед
|
| 610 |
1 |
|
|a наносы
|
| 610 |
1 |
|
|a гидроузлы
|
| 610 |
1 |
|
|a вихреобразование
|
| 610 |
1 |
|
|a щитовые перекрытия
|
| 610 |
1 |
|
|a воронкообразование
|
| 675 |
|
|
|a 621.311.21.004
|v 4
|
| 700 |
|
1 |
|a Фокеев
|b В. С.
|g Василий Степанович
|
| 801 |
|
1 |
|a RU
|b 63413507
|c 20170615
|
| 801 |
|
2 |
|a RU
|b 63413507
|c 20201120
|g RCR
|
| 942 |
|
|
|c BK
|